Sardar Vallabhbhai Patel National police academy news letter (Record no. 167064)

MARC details
000 -LEADER
fixed length control field 00516nam a22001697a 4500
005 - DATE AND TIME OF LATEST TRANSACTION
control field 20231115121039.0
008 - FIXED-LENGTH DATA ELEMENTS--GENERAL INFORMATION
fixed length control field 160824b xxu||||| |||| 00| 0 eng d
022 ## - INTERNATIONAL STANDARD SERIAL NUMBER
International Standard Serial Number 2395-2733
040 ## - CATALOGING SOURCE
Original cataloging agency dpl
082 ## - DEWEY DECIMAL CLASSIFICATION NUMBER
Classification number 363.20954
245 ## - TITLE STATEMENT
Title Sardar Vallabhbhai Patel National police academy news letter
260 ## - PUBLICATION, DISTRIBUTION, ETC. (IMPRINT)
Place of publication, distribution, etc Hyderabad
Name of publisher, distributor, etc SVP National Police Academy
300 ## - PHYSICAL DESCRIPTION
Extent v.
Dimensions 29cm
310 ## - CURRENT PUBLICATION FREQUENCY
Current publication frequency Quarterly
270 ## - ADDRESS
Address Shivarampally,
City Hyderabad
Country India
Postal code 5000052
942 ## - ADDED ENTRY ELEMENTS (KOHA)
Source of classification or shelving scheme Dewey Decimal Classification
Item type English Books
Serial record 1
Call number suffix SAR
Classification part 363.20954
Holdings
Withdrawn status Lost status Source of classification or shelving scheme Damaged status Not for loan Collection code Home library Current library Date acquired Source of acquisition Total Checkouts Full call number Date last seen Price effective from Koha item type
    Dewey Decimal Classification   Not For Loan Non-fiction D.B.Act.Division D.B.Act.Division 21/08/2019 DBAD/PUB   363.20954 SAR 21/08/2019 21/08/2019 Periodicals

© Delhi Public Library
Hit Counter
free hit counter